Presentación del trabajo escrito. Citas, notas, llamadas, bibliografías

Uloženo v:
Podrobná bibliografie
Hlavní autoři: Arias Reyero, Maximino (Autor), Sanz Briso-Montiano, María Teresa (Autor), Muñoz de Fox, Patricia (Autor)
Médium: Kniha
Jazyk:španělština
Vydáno: Santiago Universidad Católica de Chile 1972
Témata:
Tagy: Přidat tag
Žádné tagy, Buďte první, kdo vytvoří štítek k tomuto záznamu!

MARC

LEADER 00000nam a2200000 a 4500
001 UCU0681
003 CL-VaPUC
008 960322e19720000CL |||||||||||||||||spa|d
082 0 4 |a 001.4  |b ARI  |2 21 
100 |a Arias Reyero, Maximino  |e author  |9 478562 
700 0 |a Sanz Briso-Montiano, María Teresa  |e author  |9 356062 
700 0 |a Muñoz de Fox, Patricia  |e author  |9 356063 
245 1 0 |a Presentación del trabajo escrito. Citas, notas, llamadas, bibliografías 
300 |a 89 p 
942 |c BK 
945 |d 19960322 00:00:00  |a paguirre 
260 |a Santiago  |b Universidad Católica de Chile  |c 1972 
650 7 |a REDACCION DE INFORMES  |2 CL-VaPUC  |9 356064 
650 0 |a Bibliografías   |9 257071 
650 0 |a Informes  |9 334810 
650 0 |a Proceso de comunicación   |9 332060 
650 7 |a CITAS  |2 CL-VaPUC  |9 309806 
650 7 |a DATOS BIBLIOGRAFICOS  |2 CL-VaPUC  |9 356065 
583 |a last modification  |c 19960322 00:00:00  |k Rodrigo Vera 
999 |c 245517  |d 245515 
952 |0 0  |1 2  |4 0  |6 001_400000000000000_ARI_1972  |7 0  |8 A  |9 260040  |a BIBTEO  |b BIBTEO  |d 2019-11-19  |i 2095513  |o 001.4 ARI 1972  |p 2095513  |r 2019-11-19  |w 2019-11-19  |x Descarte 2019  |y BK  |k ICR